Biology General Knowledge #3 - Statistics

General Stats
  • This quiz has been taken 2,349 times
  • The average score is 7 of 15
Answer Stats
Question Answer % Correct
What is the largest organ in the human body? Skin
92%
Which of these animals are the closest evolutionary relative to Humans? Humpback Whale
68%
What substances do plants NOT uptake through their roots Oxygen
68%
What is the fastest growing plant? Bamboo
65%
What Phylum do Homo Sapiens belong to? Chordata
59%
Who discovered the first triceratops fossil? George Lyman Cannon
52%
What period are we currently in? Holocene
52%
What do scientists believe to be the first living organisms? Bacteria
49%
Which fungus can cause serious fungal infection in humans, especially those with repressed immune systems? It thrives in unsanitary conditions such as on moldy bread and goes by a colourful name Black Fungus
45%
What is referred to in the nervous system as "Grey Matter" Non-Myelinated brain and spinal matter
42%
What is the smallest bone in the human body? Stapes
39%
What cells are found at the tips of a plants roots Meristem Cells
35%
What is the longest named protein? (shortened for clarity) Titin
34%
What is the mRNA triplet codon responsible for coding for the amino acid "Leucine" UUA
23%
What is the commonly accepted modern theory of evolution? Neo-Darwinism
18%
No matching quizzes found
Score Distribution
Percent of People with Each Score
Percentile by Number Answered
Your Score History
You have not taken this quiz